[Event "Ct. Lleida indiv. Absolut"]
[Site "Lleida"]
[Date "2013.11.17"]
[Round "7"]
[White "Palau Cabases, A."]
[Black "Cosialls Baz, D."]
[Result "1-0"]
[WhiteElo "1961"]
[BlackElo "1690"]
[PlyCount "65"]
[EventDate "2013.??.??"]
[EventType "swiss"]
[EventRounds "9"]

1. e4 d5 2. exd5 Qxd5 3. Nc3 Qa5 4. d4 c6 5. Bc4 Nf6 6. Bd2 Qb6 7. Nf3 Qxb2 8.
Rb1 Qa3 9. Ne4 Nxe4 10. Bb4 Qa4 11. Bxf7+ Kd8 12. O-O e6 13. Re1 Nxf2 14. Qd2
Bxb4 15. Rxb4 Qa5 16. Ne5 h6 17. c3 Na6 18. Qxf2 Nxb4 19. cxb4 Qxb4 20. Ng6 Rf8
21. Qh4+ Kc7 22. Nxf8 Qxf8 23. Rf1 Qd6 24. Qg4 g5 25. Rf6 Qb4 26. Qg3+ Kb6 27.
Qe3 Qb1+ 28. Rf1 Qxa2 29. d5+ Kc7 30. Qe5+ Kb6 31. Bxe6 Qc4 32. Rb1+ Ka5 33.
dxc6+ 1-0

[Event "Ct. Lleida indiv. Absolut"]
[Site "Lleida"]
[Date "2013.11.17"]
[Round "7"]
[White "Pareja Guerrero, FJ."]
[Black "Villa Gimenez, C."]
[Result "0-1"]
[WhiteElo "1683"]
[BlackElo "1954"]
[PlyCount "102"]
[EventDate "2013.??.??"]
[EventType "swiss"]
[EventRounds "9"]

1. d4 d5 2. Nf3 Nf6 3. e3 c5 4. b3 Nc6 5. Bd3 Bg4 6. Bb2 cxd4 7. exd4 Qa5+ 8.
Bc3 Qc7 9. Nbd2 e6 10. a3 Bd6 11. h3 Bh5 12. Bb2 O-O 13. O-O Bh2+ 14. Kh1 Bf4
15. Rg1 e5 16. dxe5 Bxe5 17. Bxe5 Nxe5 18. Be2 Nxf3 19. Bxf3 Bxf3 20. Nxf3 Ne4
21. Rf1 Qc5 22. Nd4 Rfe8 23. Kg1 Nc3 24. Qd3 Qxd4 25. Qxd4 Ne2+ 26. Kh2 Nxd4
27. Rfd1 Nc6 28. Rxd5 Rad8 29. Rad1 Rxd5 30. Rxd5 Rd8 31. Rc5 Kf8 32. b4 Ke7
33. b5 Nd4 34. c3 Ne6 35. Rc4 Rd5 36. a4 Rc5 37. Rh4 Rxc3 38. Rxh7 Rc4 39. a5
Rc5 40. b6 Rxa5 41. bxa7 Rxa7 42. f4 Kf6 43. Kg3 b5 44. Rh5 Rb7 45. Kf3 b4 46.
g4 b3 47. Rf5+ Ke7 48. Re5 b2 49. f5 b1=Q 50. fxe6 Qh1+ 51. Kf4 Qh2+ 0-1

[Event "Ct. Lleida indiv. Absolut"]
[Site "Lleida"]
[Date "2013.11.17"]
[Round "7"]
[White "Pera Lucas, E."]
[Black "Sole Pijuan, F."]
[Result "1-0"]
[WhiteElo "1934"]
[BlackElo "1805"]
[PlyCount "103"]
[EventDate "2013.??.??"]
[EventType "swiss"]
[EventRounds "9"]

1. e4 e5 2. Nf3 Nc6 3. Bc4 Bc5 4. b4 Bb6 5. a4 a6 6. a5 Ba7 7. c3 Nf6 8. d3 d6
9. O-O h6 10. Qe2 O-O 11. Be3 Bxe3 12. fxe3 Be6 13. Nbd2 d5 14. exd5 Bxd5 15.
e4 Bxc4 16. Nxc4 Qe7 17. Ne3 Qe6 18. Nh4 Ne7 19. Nhf5 Nxf5 20. Nxf5 Rad8 21.
Qf3 Kh7 22. Rf2 g6 23. Ng3 Kg7 24. Raf1 Ng4 25. Nf5+ Kh8 26. Qxg4 gxf5 27. exf5
Qf6 28. Qe4 c6 29. Re2 Rd5 30. Rfe1 Rfd8 31. Re3 Qd6 32. Qh4 Qf8 33. Rd1 Kh7
34. f6 Qd6 35. Rg3 Rg8 36. Rxg8 Kxg8 37. Qxh6 Qf8 38. Qg5+ Kh8 39. Re1 Qg8 40.
Qf5 e4 41. Qh3+ Qh7 42. Qxh7+ Kxh7 43. d4 Kg6 44. Rxe4 Kxf6 45. g4 Rd7 46. Kf2
Kg5 47. Kg3 f6 48. h4+ Kg6 49. Kf4 Rd5 50. Re7 Rb5 51. h5+ Kh6 52. Rf7 1-0

[Event "Ct. Lleida indiv. Absolut"]
[Site "Lleida"]
[Date "2013.11.17"]
[Round "7"]
[White "Quintas Galeano, L."]
[Black "Montoliu Daroca, I."]
[Result "1-0"]
[WhiteElo "2125"]
[BlackElo "1789"]
[PlyCount "45"]
[EventDate "2013.??.??"]
[EventType "swiss"]
[EventRounds "9"]

1. e4 c5 2. d4 cxd4 3. Nf3 Nc6 4. Nxd4 Nf6 5. Nc3 g6 6. Nxc6 bxc6 7. e5 Ng8 8.
Bd3 Bg7 9. Qe2 Qa5 10. f4 Qb6 11. Rb1 e6 12. Ne4 f6 13. Nd6+ Ke7 14. Be3 Qa5+
15. b4 Qxa2 16. O-O Nh6 17. Bc5 Kd8 18. Bc4 Qa3 19. Rfd1 fxe5 20. Bxe6 exf4 21.
Nxc8 Kxc8 22. Rxd7 Re8 23. Rxg7+ 1-0

[Event "Ct. Lleida indiv. Absolut"]
[Site "Lleida"]
[Date "2013.11.17"]
[Round "7"]
[White "Sanuy Moncasi, A."]
[Black "Farre Morell, A."]
[Result "1/2-1/2"]
[WhiteElo "1945"]
[BlackElo "1738"]
[PlyCount "46"]
[EventDate "2013.??.??"]
[EventType "swiss"]
[EventRounds "9"]

1. d4 Nf6 2. Nf3 g6 3. Nbd2 Bg7 4. e4 d6 5. c3 O-O 6. Bc4 Nxe4 7. Nxe4 d5 8.
Bd3 dxe4 9. Bxe4 Nd7 10. Bf4 Nf6 11. Bc2 Nd5 12. Bg3 c6 13. Ne5 Qb6 14. Bb3 a5
15. Qe2 a4 16. Bxd5 cxd5 17. a3 Bf5 18. O-O Rae8 19. Rad1 f6 20. Nd3 Rf7 21.
Nb4 Qa5 22. Rfe1 Be4 23. f3 Bf5 1/2-1/2

[Event "Ct. Lleida indiv. Absolut"]
[Site "Lleida"]
[Date "2013.11.17"]
[Round "7"]
[White "Trepat Herranz, J."]
[Black "Barbero Sendic, A."]
[Result "1/2-1/2"]
[WhiteElo "2336"]
[BlackElo "2340"]
[PlyCount "45"]
[EventDate "2013.??.??"]
[EventType "swiss"]
[EventRounds "9"]

1. d4 d5 2. c4 e6 3. Nc3 c5 4. cxd5 exd5 5. Nf3 Nc6 6. g3 Nf6 7. Bg2 Be7 8. O-O
O-O 9. Bg5 c4 10. Ne5 Be6 11. Nxc6 bxc6 12. b3 h6 13. Bxf6 Bxf6 14. bxc4 dxc4
15. e3 Rc8 16. Qc2 Qa5 17. Ne4 Be7 18. Nd2 Qa6 19. Rfd1 Rfd8 20. Ne4 Qa5 21.
Nd2 Qa6 22. Ne4 Qa5 23. Nd2 1/2-1/2

[Event "Ct. Tarragona Veterans"]
[Site "Cambrils"]
[Date "2013.01.31"]
[Round "1"]
[White "Aguilar Vallcorba, M."]
[Black "Duran Vallverdu, J."]
[Result "0-1"]
[WhiteElo "1665"]
[BlackElo "2002"]
[PlyCount "64"]
[EventDate "2013.??.??"]
[EventType "swiss"]
[EventRounds "8"]

1. b3 e5 2. Bb2 Nc6 3. e3 d5 4. Bb5 Bd6 5. Nc3 Nf6 6. Bxc6+ bxc6 7. h3 O-O 8.
Nge2 Be6 9. Qc1 Qd7 10. Ba3 c5 11. Na4 Qc6 12. d3 Rfe8 13. Qb2 Rab8 14. O-O-O
c4 15. dxc4 dxc4 16. Bxd6 cxd6 17. Nac3 cxb3 18. axb3 Rec8 19. f3 Qb6 20. e4
Nd7 21. Nd5 Bxd5 22. Rxd5 Qe3+ 23. Kb1 Qxe2 24. Rhd1 Nb6 25. R5d2 Qb5 26. Rxd6
Nc4 27. Qc3 Nxd6 28. Qb2 Nc4 29. Qa2 Rd8 30. Rxd8+ Rxd8 31. Qxa7 Rd1+ 32. Ka2
Qa5+ 0-1

[Event "Ct. Tarragona Veterans"]
[Site "Cambrils"]
[Date "2013.01.31"]
[Round "1"]
[White "Galera Vicente, R."]
[Black "Recasens Font, JM."]
[Result "0-1"]
[WhiteElo "1641"]
[BlackElo "1949"]
[PlyCount "64"]
[EventDate "2013.??.??"]
[EventType "swiss"]
[EventRounds "8"]

1. d4 Nf6 2. Nf3 e6 3. Bf4 c5 4. c3 Nc6 5. e3 b6 6. Nbd2 Be7 7. Bd3 Bb7 8. Qc2
Rc8 9. Qd1 Nh5 10. O-O Nxf4 11. exf4 cxd4 12. cxd4 f5 13. Qa4 Nb4 14. Bb1 O-O
15. a3 Bc6 16. Qd1 Nd5 17. g3 Nf6 18. Ne5 Bd5 19. Ba2 Bxa2 20. Rxa2 b5 21. b4
Qb6 22. Nef3 Rc3 23. Nb3 Qc6 24. Ne5 Qd5 25. Nc5 Bxc5 26. dxc5 Qxa2 27. Nxd7
Rf7 28. Ne5 Rf8 29. Nd7 Re8 30. Nxf6+ gxf6 31. Qd7 Rf8 32. Qxe6+ Qxe6 0-1

[Event "Ct. Tarragona Veterans"]
[Site "Cambrils"]
[Date "2013.01.31"]
[Round "1"]
[White "Garustowitz Ramirez, N."]
[Black "Serrano Navas, A."]
[Result "1-0"]
[WhiteElo "1824"]
[BlackElo "1494"]
[PlyCount "67"]
[EventDate "2013.??.??"]
[EventType "swiss"]
[EventRounds "8"]

1. e4 e5 2. Nf3 d6 3. Be2 Be7 4. d3 Bg4 5. Nbd2 h6 6. c3 Nc6 7. O-O Bxf3 8.
Nxf3 Nf6 9. b4 b5 10. h3 O-O 11. Nh2 a6 12. Qe1 Nh7 13. Ng4 f5 14. exf5 Rxf5
15. Bxh6 Bg5 16. Bxg5 Qxg5 17. Bf3 Rxf3 18. gxf3 Nf6 19. Qe3 Qg6 20. Rac1 Nxg4
21. fxg4 Rf8 22. Rce1 Rf4 23. d4 Qf7 24. Kg2 exd4 25. Qe8+ Qxe8 26. Rxe8+ Rf8
27. Rxf8+ Kxf8 28. Rc1 d3 29. Rd1 Ne5 30. f4 Ng6 31. Kg3 c5 32. Rxd3 cxb4 33.
cxb4 Ke7 34. Ra3 1-0

[Event "Ct. Tarragona Veterans"]
[Site "Cambrils"]
[Date "2013.01.31"]
[Round "1"]
[White "Margalef Guell, J."]
[Black "Romero Sanchez, F."]
[Result "1-0"]
[WhiteElo "1979"]
[BlackElo "1644"]
[PlyCount "77"]
[EventDate "2013.??.??"]
[EventType "swiss"]
[EventRounds "8"]

1. e4 d6 2. d4 g6 3. Nc3 Bg7 4. Be3 Nf6 5. Be2 O-O 6. h4 Nfd7 7. h5 Nc6 8. hxg6
fxg6 9. Nf3 Nf6 10. Bc4+ e6 11. Ng5 d5 12. e5 Nh5 13. Rxh5 dxc4 14. Rxh7 Rf5
15. f4 Rxg5 16. Rxg7+ Kxg7 17. fxg5 Qh8 18. Kf2 Ne7 19. Qf3 Bd7 20. Qf6+ Kg8
21. Qxe7 Rf8+ 22. Kg1 Rf7 23. Qd8+ Kg7 24. Qxh8+ Kxh8 25. Rf1 Rh7 26. Rf6 Kg7
27. d5 Rh4 28. dxe6 Bc6 29. Rf4 Rh5 30. Rf7+ Kg8 31. Rxc7 Rh4 32. Rc8+ Kg7 33.
e7 Kf7 34. Bc5 Rg4 35. Rf8+ Kg7 36. e8=Q Rxg2+ 37. Kf1 Bxe8 38. Rxe8 Rxg5 39.
Bd6 1-0

[Event "Ct. Tarragona Veterans"]
[Site "Cambrils"]
[Date "2013.01.31"]
[Round "1"]
[White "Pino Muñoz, F."]
[Black "Tuduri Jerez, M."]
[Result "1/2-1/2"]
[WhiteElo "1773"]
[BlackElo "1986"]
[PlyCount "146"]
[EventDate "2013.??.??"]
[EventType "swiss"]
[EventRounds "8"]

1. e4 e6 2. d4 d5 3. e5 c5 4. c3 Nc6 5. Nf3 Qb6 6. Qb3 c4 7. Qd1 f5 8. Nbd2 Be7
9. h4 Bd7 10. Ng5 g6 11. Ndf3 h6 12. Nh3 O-O-O 13. Nf4 Re8 14. Nxg6 Rh7 15. h5
Qd8 16. Nxe7+ Rexe7 17. g3 Reg7 18. Be2 b5 19. b4 a5 20. a4 bxa4 21. b5 Na7 22.
Qxa4 Nxb5 23. Qc2 Bc6 24. Ba3 Nxa3 25. Rxa3 Ra7 26. Qa2 Ra6 27. Nd2 Rha7 28.
O-O Kd7 29. Rb1 Rb7 30. Rxb7+ Bxb7 31. Bd1 Ne7 32. Nf3 Bc6 33. Qd2 Qf8 34. Ra1
Ke8 35. Nh4 Kf7 36. Qf4 Qg7 37. Kh2 Qg5 38. Qxg5 hxg5 39. Nf3 g4 40. Ng5+ Kg7
41. Nxe6+ Kh6 42. Nf4 Be8 43. Kg2 Bxh5 44. Ba4 Bf7 45. Rb1 Ng6 46. Rh1+ Kg7 47.
Nh5+ Kf8 48. Nf6 Ke7 49. Rb1 Ra7 50. Rb5 f4 51. gxf4 Nxf4+ 52. Kf1 Be6 53. Rb6
Nd3 54. Rb8 Kf7 55. Be8+ Ke7 56. Bg6 Bf7 57. Bxf7 Kxf7 58. Nxd5 a4 59. Rb1 a3
60. Ra1 a2 61. Ne3 Nc1 62. Rxc1 a1=Q 63. Rxa1 Rxa1+ 64. Ke2 Ra2+ 65. Ke1 Ra3
66. Nxc4 Rxc3 67. Nd6+ Ke6 68. Kd2 Rf3 69. Ke2 Kd5 70. Nb5 Rb3 71. Nc7+ Kc6 72.
Ne6 Kd5 73. Nc7+ Kc6 1/2-1/2

[Event "Ct. Tarragona Veterans"]
[Site "Cambrils"]
[Date "2013.01.31"]
[Round "1"]
[White "Regue Farran, E."]
[Black "Solsona Manonelles, J."]
[Result "1-0"]
[WhiteElo "2074"]
[BlackElo "1681"]
[PlyCount "61"]
[EventDate "2013.??.??"]
[EventType "swiss"]
[EventRounds "8"]

1. e4 e6 2. d4 d5 3. Nc3 Bb4 4. e5 c5 5. a3 Bxc3+ 6. bxc3 Nc6 7. Qg4 g6 8. Nf3
Nge7 9. Be2 Bd7 10. O-O Nf5 11. Bd3 cxd4 12. cxd4 h5 13. Qf4 Qe7 14. a4 O-O-O
15. Ba3 Qe8 16. c3 Na5 17. Bc2 Nc4 18. Rfb1 Bc6 19. Bb4 Rd7 20. Bd3 Qd8 21. h4
Qc7 22. Qc1 Qd8 23. g3 f6 24. exf6 Qxf6 25. Qf4 Rf7 26. Ng5 Rc7 27. Bxc4 dxc4
28. Bd6 Rd7 29. Be5 Qd8 30. Bxh8 Qxh8 31. Re1 1-0

[Event "Ct. Tarragona Veterans"]
[Site "Cambrils"]
[Date "2013.02.07"]
[Round "2"]
[White "Costa Berengue, J."]
[Black "Regue Farran, E."]
[Result "0-1"]
[WhiteElo "1862"]
[BlackElo "2074"]
[PlyCount "74"]
[EventDate "2013.??.??"]
[EventType "swiss"]
[EventRounds "8"]

1. e4 c5 2. Nf3 d6 3. Nc3 Nc6 4. Bc4 Nf6 5. d3 g6 6. Ng5 Ne5 7. f4 Nxc4 8. dxc4
Bg7 9. e5 Bg4 10. Ne2 dxe5 11. Qxd8+ Rxd8 12. h3 Bxe2 13. Kxe2 exf4 14. Bxf4
O-O 15. Be3 b6 16. Rad1 Nh5 17. Ne4 Bxb2 18. g4 Nf6 19. Nf2 Bd4 20. Bh6 Rfe8
21. Bg5 Bxf2 22. Bxf6 exf6+ 23. Kxf2 Rxd1 24. Rxd1 Re4 25. Rd7 Rxc4 26. Rxa7
Rxc2+ 27. Kf3 Rc3+ 28. Kg2 b5 29. Ra5 b4 30. Ra4 Kg7 31. Ra5 c4 32. Rb5 Rc2+
33. Kg3 Rb2 34. Kf3 c3 35. Ke3 Rxa2 36. Rxb4 Rh2 37. Rc4 Rxh3+ 0-1

[Event "Ct. Tarragona Veterans"]
[Site "Cambrils"]
[Date "2013.02.07"]
[Round "2"]
[White "Duran Vallverdu, J."]
[Black "Ariste Justo, JA."]
[Result "1/2-1/2"]
[WhiteElo "2002"]
[BlackElo "1876"]
[PlyCount "42"]
[EventDate "2013.??.??"]
[EventType "swiss"]
[EventRounds "8"]

1. e4 c5 2. Nf3 Nc6 3. c3 d5 4. exd5 Qxd5 5. d4 Nf6 6. Be2 Bg4 7. O-O e6 8. Be3
cxd4 9. cxd4 Be7 10. Nc3 Qd6 11. Qb3 O-O 12. Rfd1 Rfd8 13. Rac1 Rac8 14. h3 Bh5
15. Ne5 Bxe2 16. Nxe2 Na5 17. Qd3 Nd5 18. Bd2 Nc6 19. Qg3 Bf6 20. f4 Nde7 21.
Bc3 Nf5 1/2-1/2

[Event "Ct. Tarragona Veterans"]
[Site "Cambrils"]
[Date "2013.02.07"]
[Round "2"]
[White "Ferrer Dalmau, JA."]
[Black "Margalef Guell, J."]
[Result "0-1"]
[WhiteElo "1788"]
[BlackElo "1979"]
[PlyCount "54"]
[EventDate "2013.??.??"]
[EventType "swiss"]
[EventRounds "8"]

1. d4 Nf6 2. c4 g6 3. Nc3 Bg7 4. Nf3 O-O 5. e4 d6 6. Be2 e5 7. d5 a5 8. Bg5 Na6
9. Qd2 Nc5 10. Qe3 h6 11. Bh4 Qe7 12. h3 g5 13. Nxg5 hxg5 14. Bxg5 Qe8 15. h4
Nh7 16. h5 f5 17. exf5 Rxf5 18. f4 Bd7 19. h6 exf4 20. Bxf4 Rxf4 21. Qxe8+ Rxe8
22. hxg7 Bg4 23. Kd2 Bxe2 24. Nxe2 Rf2 25. Rae1 Rxg2 26. Kd1 Nd3 27. Reg1 Rexe2
0-1

[Event "Ct. Tarragona Veterans"]
[Site "Cambrils"]
[Date "2013.02.07"]
[Round "2"]
[White "Mane Casas, J."]
[Black "Aguilar Vallcorba, M."]
[Result "0-1"]
[WhiteElo "1749"]
[BlackElo "1665"]
[PlyCount "150"]
[EventDate "2013.??.??"]
[EventType "swiss"]
[EventRounds "8"]

1. d4 b6 2. Nd2 Bb7 3. Ngf3 e6 4. e3 c5 5. c3 Nc6 6. Be2 Be7 7. O-O Qc7 8. b3
Bf6 9. Bb2 cxd4 10. cxd4 Nge7 11. Rc1 O-O 12. Ne4 Nd5 13. Nxf6+ Nxf6 14. h3
Rac8 15. a3 Qb8 16. b4 d5 17. Rc2 Ne7 18. Qd3 Rxc2 19. Qxc2 Rc8 20. Qb1 Rc7 21.
Rc1 Qc8 22. Rxc7 Qxc7 23. Nd2 Nc6 24. Bd3 Ne7 25. f3 g6 26. Qd1 Bc8 27. e4 dxe4
28. fxe4 Nh5 29. Qf3 Bb7 30. Qf2 f5 31. exf5 exf5 32. g3 Qc6 33. Qh2 Qa4 34.
Qe2 Qd7 35. Qe5 Bd5 36. Kf2 Nc6 37. Qxd5+ Qxd5 38. Bc4 Nf6 39. Bxd5+ Nxd5 40.
Kf3 b5 41. Nf1 Kf7 42. Nd2 a5 43. bxa5 Nxa5 44. h4 Kf6 45. Bc1 Ke6 46. Bb2 Kd6
47. g4 Ke6 48. g5 Kd6 49. Bc1 Ke6 50. Bb2 Kf7 51. Bc1 Kg7 52. Kf2 Kf7 53. Kf3
Ke6 54. Bb2 Kd6 55. Bc1 Kc6 56. Bb2 Nc4 57. Bc1 Ndb6 58. Nb3 Kd5 59. Kf4 Na4
60. Kf3 Nc3 61. Kf4 Ne2+ 62. Kf3 Nxc1 63. Nxc1 Nxa3 64. Kf4 Kxd4 65. h5 Nc4 66.
hxg6 hxg6 67. Ne2+ Kc5 68. Ng3 b4 69. Nxf5 b3 70. Ne7 b2 71. Nxg6 b1=Q 72. Nh4
Qb8+ 73. Kf5 Qf8+ 74. Kg6 Ne5+ 75. Kh7 Qf7+ 0-1

[Event "Ct. Tarragona Veterans"]
[Site "Cambrils"]
[Date "2013.02.07"]
[Round "2"]
[White "Recasens Font, JM."]
[Black "Garustowitz Ramirez, N."]
[Result "1-0"]
[WhiteElo "1949"]
[BlackElo "1824"]
[PlyCount "87"]
[EventDate "2013.??.??"]
[EventType "swiss"]
[EventRounds "8"]

1. Nf3 d5 2. g3 e6 3. Bg2 Be7 4. c4 c6 5. Qc2 Nf6 6. b3 Nbd7 7. Bb2 O-O 8. O-O
Re8 9. Re1 Nf8 10. d3 Bb4 11. Nbd2 Ng6 12. a3 Be7 13. Rad1 a5 14. e4 b6 15.
cxd5 cxd5 16. e5 Ng4 17. h3 Nh6 18. Rc1 Ba6 19. Nd4 Bc5 20. N2f3 Rc8 21. Qd2
Qe7 22. Nc2 Qd8 23. d4 Be7 24. Ne3 Qd7 25. h4 Bb5 26. h5 Nf8 27. g4 g5 28. hxg6
Nxg6 29. g5 Nf5 30. Ng4 Qd8 31. Nf6+ Bxf6 32. gxf6 h6 33. Bh3 Kh7 34. Bxf5 exf5
35. Kg2 Qd7 36. Rh1 f4 37. Rxh6+ Kg8 38. Rxg6+ fxg6 39. Qxf4 Bd3 40. Ng5 Re6
41. f7+ Kf8 42. Nh7+ Kg7 43. f8=Q+ Rxf8 44. Qxf8+ 1-0

[Event "Ct. Tarragona Veterans"]
[Site "Cambrils"]
[Date "2013.02.07"]
[Round "2"]
[White "Tuduri Jerez, M."]
[Black "Ferre Basora, P."]
[Result "1-0"]
[WhiteElo "1986"]
[BlackElo "1923"]
[PlyCount "111"]
[EventDate "2013.??.??"]
[EventType "swiss"]
[EventRounds "8"]

1. Nf3 d5 2. d4 Nf6 3. Bf4 c6 4. e3 g6 5. Nbd2 Bg7 6. c3 O-O 7. Qc2 Nbd7 8. Bd3
c5 9. b3 cxd4 10. cxd4 Ne8 11. Rc1 Ndf6 12. O-O Bd7 13. Ne5 Rc8 14. Qb2 Nh5 15.
Nxd7 Nxf4 16. Rxc8 Qxc8 17. Bb5 Nd6 18. Nxf8 Nxb5 19. exf4 Nxd4 20. Qa3 Bxf8
21. Qxa7 Ne2+ 22. Kh1 d4 23. g3 Qc2 24. Nf3 Qe4 25. Kg2 e6 26. Rd1 Bb4 27. Qb8+
Kg7 28. Qe5+ Qxe5 29. fxe5 Bc5 30. Rd2 Nc3 31. a4 Ne4 32. Rd3 f6 33. Nxd4 Kf7
34. exf6 e5 35. f3 Nxf6 36. Nc2 Ke6 37. b4 Bd6 38. a5 Nd5 39. b5 h5 40. Ne3 Nc7
41. Rb3 Bc5 42. Nc4 g5 43. h3 Bd4 44. Kf1 Kd5 45. Na3 Kc5 46. Ke2 Kd5 47. Kd3
Ne6 48. Rb4 Bc5 49. Rb3 Nd4 50. Rc3 Bb4 51. a6 bxa6 52. bxa6 Nc6 53. Rb3 Kc5
54. Nc2 Ba5 55. Ke4 Bd8 56. Rb7 1-0

[Event "Ct. Tarragona Veterans"]
[Site "Cambrils"]
[Date "2013.02.14"]
[Round "3"]
[White "Aguilar Vallcorba, M."]
[Black "Costa Berengue, J."]
[Result "0-1"]
[WhiteElo "1665"]
[BlackElo "1862"]
[PlyCount "60"]
[EventDate "2013.??.??"]
[EventType "swiss"]
[EventRounds "8"]

1. b3 d6 2. Bb2 e5 3. e3 b6 4. Bb5+ c6 5. Qf3 Bb7 6. d4 Qe7 7. Bd3 Nd7 8. c4
Ngf6 9. Nd2 d5 10. cxd5 cxd5 11. Bb5 exd4 12. Bxd7+ Qxd7 13. Bxd4 Ne4 14. Nxe4
dxe4 15. Qe2 Bb4+ 16. Kf1 O-O 17. Rd1 Qc8 18. Qb2 Qg4 19. Ne2 Ba6 20. h3 Qh5
21. h4 Rfd8 22. g4 Qxg4 23. Rg1 Qh3+ 24. Rg2 Rac8 25. Kg1 g6 26. Rg3 Qf5 27.
Kg2 Ba3 28. Qxa3 Bxe2 29. Rg1 Bf3+ 30. Kf1 Qb5+ 0-1

[Event "Ct. Tarragona Veterans"]
[Site "Cambrils"]
[Date "2013.02.14"]
[Round "3"]
[White "Ariste Justo, JA."]
[Black "Tuduri Jerez, M."]
[Result "0-1"]
[WhiteElo "1876"]
[BlackElo "1986"]
[PlyCount "74"]
[EventDate "2013.??.??"]
[EventType "swiss"]
[EventRounds "8"]

1. d4 Nf6 2. Nf3 d5 3. c4 c6 4. Nc3 e6 5. g3 Be7 6. Bg2 O-O 7. O-O Re8 8. b3
Nbd7 9. Qc2 Bb4 10. Rd1 Bxc3 11. Qxc3 Ne4 12. Qc2 f5 13. Bf4 Qe7 14. Rac1 g6
15. Ne5 Nef6 16. Bg5 Qg7 17. Nf3 h6 18. Bf4 g5 19. Bd6 Ne4 20. Bb4 a5 21. Ba3
g4 22. Nh4 Nf8 23. f3 Nf6 24. Rd3 h5 25. Rf1 Ng6 26. Nxg6 Qxg6 27. Qd2 Kh7 28.
Qf4 Qh6 29. Bc1 Qxf4 30. Bxf4 Kg6 31. h3 Rh8 32. Be5 Rh7 33. fxg4 hxg4 34. Bxf6
gxh3 35. Be5 hxg2 36. Kxg2 Bd7 37. Rdf3 Rh5 0-1

[Event "Ct. Tarragona Veterans"]
[Site "Cambrils"]
[Date "2013.02.14"]
[Round "3"]
[White "Canaldas Ferran, M."]
[Black "Ferrer Dalmau, JA."]
[Result "0-1"]
[WhiteElo "1770"]
[BlackElo "1788"]
[PlyCount "86"]
[EventDate "2013.??.??"]
[EventType "swiss"]
[EventRounds "8"]

1. d4 Nf6 2. Nf3 e6 3. Nc3 c5 4. e3 Nc6 5. Bb5 a6 6. Bxc6 bxc6 7. O-O Bb7 8. a3
cxd4 9. exd4 c5 10. dxc5 Bxc5 11. b4 Be7 12. Re1 Qc7 13. Bb2 Ng4 14. Ne4 O-O
15. h3 f5 16. hxg4 Bxe4 17. Nd4 Bf6 18. f3 Bb7 19. gxf5 Bxd4+ 20. Qxd4 Qg3 21.
Qg4 Qxg4 22. fxg4 exf5 23. gxf5 Rxf5 24. Rad1 Rg5 25. Rd2 Bc6 26. Bd4 a5 27. c3
axb4 28. axb4 Rf8 29. Bc5 Ra8 30. Rf2 h5 31. c4 h4 32. Bd6 h3 33. g3 h2+ 34.
Rxh2 Rg6 35. Be7 Re8 36. Rhe2 Rxg3+ 37. Kf1 Rg4 38. b5 Bf3 39. Rc2 Be4 40. Bc5
Bd3+ 41. Kf2 Rxe1 42. Kxe1 Bxc2 43. Kd2 Rxc4 0-1

[Event "Ct. Tarragona Veterans"]
[Site "Cambrils"]
[Date "2013.02.14"]
[Round "3"]
[White "Garustowitz Ramirez, N."]
[Black "Duran Vallverdu, J."]
[Result "0-1"]
[WhiteElo "1824"]
[BlackElo "2002"]
[PlyCount "157"]
[EventDate "2013.??.??"]
[EventType "swiss"]
[EventRounds "8"]

1. e4 e5 2. d3 Nc6 3. Nc3 Nf6 4. Nge2 Bc5 5. h3 O-O 6. Ng3 d5 7. a3 a5 8. Bg5
h6 9. Bxf6 Qxf6 10. Qd2 d4 11. Nd1 Nd8 12. Be2 Ne6 13. O-O Nf4 14. Bg4 Qg5 15.
Qe1 Bxg4 16. hxg4 Qxg4 17. f3 Qg6 18. Kf2 Be7 19. Rh1 Ra6 20. Rh2 Rc6 21. Qd2
Bg5 22. Nf5 Re8 23. Kf1 Nh5 24. Qf2 Bf4 25. Rh3 Rf6 26. g4 Be3 27. Ndxe3 dxe3
28. gxh5 Qxf5 29. exf5 exf2 30. Kxf2 Rxf5 31. Re1 Re6 32. Ke3 f6 33. Rh4 Rf4
34. Rh3 Rd6 35. Rg1 Rf5 36. Rhg3 Rg5 37. Rxg5 hxg5 38. c3 Kh7 39. d4 exd4+ 40.
cxd4 Rd5 41. Ke4 c6 42. Ke3 Kh6 43. Rh1 f5 44. Rh2 Rb5 45. Kd3 Rb3+ 46. Kc4
Rxf3 47. d5 cxd5+ 48. Kxd5 Rb3 49. Ke6 f4 50. Kf5 Rb5+ 51. Kg4 Rb3 52. Re2 Rg3+
53. Kf5 Rb3 54. Kg4 Rb6 55. Re5 Rxb2 56. Re6+ Kh7 57. Kxg5 f3 58. Re3 f2 59.
Rf3 a4 60. Rf7 Rb5+ 61. Kg4 Kh6 62. Rxf2 Rxh5 63. Rb2 b5 64. Rd2 Rc5 65. Rh2+
Kg6 66. Rd2 Rc4+ 67. Kf3 Rc3+ 68. Kf4 Rxa3 69. Rd6+ Kf7 70. Rd7+ Kf6 71. Rd6+
Ke7 72. Rb6 Rb3 73. Ke5 a3 74. Rb7+ Kd8 75. Kd6 Rd3+ 76. Kc5 Rb3 77. Kd6 Rd3+
78. Kc5 Rg3 79. Kxb5 0-1

[Event "Ct. Tarragona Veterans"]
[Site "Cambrils"]
[Date "2013.02.14"]
[Round "3"]
[White "Nieves Fernandez, C."]
[Black "Margalef Guell, J."]
[Result "0-1"]
[WhiteElo "1688"]
[BlackElo "1979"]
[PlyCount "144"]
[EventDate "2013.??.??"]
[EventType "swiss"]
[EventRounds "8"]

1. e4 c5 2. Nf3 Nc6 3. Bb5 g6 4. d4 cxd4 5. Nxd4 Bg7 6. Nxc6 bxc6 7. Be2 Nf6 8.
Nc3 d6 9. O-O O-O 10. Be3 Qc7 11. Qc1 Rb8 12. Rb1 Rd8 13. Rd1 Bg4 14. f3 Bd7
15. Kh1 Ne8 16. Bd4 e5 17. Be3 Be6 18. a3 f6 19. b4 Qf7 20. Qb2 d5 21. exd5
cxd5 22. Na4 d4 23. Bd2 Bf8 24. Qc1 Nc7 25. Bd3 Ba2 26. Ra1 Bc4 27. Nb2 Bd5 28.
c4 dxc3 29. Qxc3 Rbc8 30. Bc4 Nb5 31. Bxd5 Nxc3 32. Bxf7+ Kxf7 33. Bxc3 Rxd1+
34. Rxd1 Rxc3 35. Rd3 Rc2 36. Nd1 Ke6 37. Kg1 Bh6 38. Kf1 Ra2 39. Ne3 Bxe3 40.
Rxe3 Kd5 41. Rd3+ Kc4 42. Rd7 Rxa3 43. Rxh7 Kxb4 44. Rg7 g5 45. Rf7 Ra6 46. g3
Kc5 47. h4 gxh4 48. gxh4 Kd5 49. h5 Ra3 50. Kg2 Ra2+ 51. Kg3 Ke6 52. Rb7 Ra1
53. h6 Rh1 54. h7 a5 55. Kg2 Rh6 56. Ra7 Kf5 57. Rxa5 Rxh7 58. Ra4 Rg7+ 59. Kf2
Rd7 60. Kg3 Rd4 61. Ra3 Rb4 62. Re3 e4 63. fxe4+ Rxe4 64. Rf3+ Ke5 65. Kf2 Rf4
66. Ke3 Rxf3+ 67. Kxf3 Kf5 68. Ke2 Kf4 69. Kf2 f5 70. Kg2 Ke3 71. Kf1 Kf3 72.
Ke1 Kg2 0-1

[Event "Ct. Tarragona Veterans"]
[Site "Cambrils"]
[Date "2013.02.14"]
[Round "3"]
[White "Regue Farran, E."]
[Black "Recasens Font, JM."]
[Result "1-0"]
[WhiteElo "2074"]
[BlackElo "1949"]
[PlyCount "137"]
[EventDate "2013.??.??"]
[EventType "swiss"]
[EventRounds "8"]

1. e4 c5 2. Nf3 Nc6 3. c3 d5 4. exd5 Qxd5 5. d4 Bg4 6. Be2 Nf6 7. c4 Qf5 8. d5
Nb4 9. O-O Bxf3 10. gxf3 Qc2 11. Nc3 a6 12. a3 Qxd1 13. Bxd1 Nd3 14. Ba4+ Kd8
15. Be3 Rc8 16. b3 Nb2 17. Rab1 Nxa4 18. Nxa4 Nd7 19. Rfd1 g6 20. Nc3 Bg7 21.
Ne4 h6 22. f4 f5 23. Nd2 Bf6 24. Nf3 b6 25. Rd3 Ke8 26. Kf1 Kf7 27. Re1 Bb2 28.
Bc1 Bxc1 29. Rxc1 b5 30. Re3 bxc4 31. bxc4 Rb8 32. Rce1 Rhe8 33. Re6 a5 34. Ra6
Ra8 35. Ree6 Rg8 36. Rxg6 Rxa6 37. Rxa6 Rg4 38. Ne5+ Nxe5 39. fxe5 Rxc4 40.
Rxa5 Ke8 41. Kg2 Kd8 42. Ra6 Rd4 43. Rxh6 Rxd5 44. f4 Rd4 45. Rc6 c4 46. e6
Rxf4 47. a4 Rg4+ 48. Kf3 c3 49. Rxc3 Rh4 50. Rc5 Rxa4 51. Rxf5 Rh4 52. Rd5+ Ke8
53. Rd2 Rh6 54. Re2 Kf8 55. Kf4 Kg7 56. Kg5 Rg6+ 57. Kf5 Rf6+ 58. Ke5 Rg6 59.
Rf2 Rh6 60. Rf7+ Kg8 61. Rxe7 Rxh2 62. Rf7 Re2+ 63. Kf6 Rf2+ 64. Ke7 Ra2 65.
Rf8+ Kg7 66. Rd8 Re2 67. Rd4 Rg2 68. Kd8 Re2 69. e7 1-0

[Event "Ct. Tarragona Veterans"]
[Site "Cambrils"]
[Date "2013.02.21"]
[Round "4"]
[White "Costa Berengue, J."]
[Black "Nieves Fernandez, C."]
[Result "1-0"]
[WhiteElo "1862"]
[BlackElo "1688"]
[PlyCount "37"]
[EventDate "2013.??.??"]
[EventType "swiss"]
[EventRounds "8"]

1. e4 e5 2. Nf3 Nc6 3. Bb5 d6 4. d4 Bd7 5. O-O exd4 6. Nxd4 Nf6 7. Nc3 Be7 8.
Bf4 O-O 9. Nxc6 bxc6 10. Ba4 Rb8 11. Bb3 Be6 12. e5 Ne8 13. Qe2 d5 14. Rad1 Bf5
15. Be3 Ra8 16. Qa6 Bd7 17. Nxd5 cxd5 18. Bxd5 Bc8 19. Qc4 1-0